000 01239nam a2200325 i 4500
001 178833
003 ES-MaACL
005 20250823102415.0
008 110715s2009 sp ag |||| |bspa d
020 _a978-84-96800-33-5
080 _a787.61(460.288 Tobarra)
080 _a929 Hernández, Robustiano
100 1 _aGómez, Pedro Jesús.
_9147349
245 1 0 _aD. Robustiano Hernández y el fondo de música para guitarra de Tobarra /
_cPedro Jesús Gómez.
260 _aAlbacete :
_bInstituto de Estudios Albacetense "Don Juan Manuel",
_c2009.
300 _a157 p. :
_bil., mús. ;
_c24 cm. +
_e1 CD.
490 1 _aSerie VII - Imagen y sonido ;
_v1
500 _aÍndices.
504 _aBibliografía: p.103-105.
600 1 4 _aHernández, Robustiano.
_9147351
650 7 _aMúsica para guitarra
_2
_9147350
650 0 4 _aMúsica-
_zAlbacete-
_yS.XIX.
_915377
710 2 _aInstituto de Estudios Albacetenses.
_94884
830 0 _aSerie VII - Imagen y sonido ;
_v1
_9224346
852 _aES-MaACL
_9185697
_bR.145820
_jA-11337
_cDEPO1
_dOlim: N-4341
_xDonación: Editorial
852 _aES-MaACL
_jROT 2/6/14
_9185698
942 _2udc
_cMONOGRAFIA
999 _c178833
_d178833